Gobierno abierto como oportunidad de cambio

Detalles Bibliográficos
Autor principal: Montero Caro, Mara̕ Dolores
Formato: eBook
Lenguaje:español
Publicado: Madrid: Dykinson, 2020
Materias:
Acceso en línea:Acceso restringido

MARC

LEADER 00000nam a22000007a 4500
005 2021020507207.0
007 cr|||| ||||
008 210205s2020 es |||||s|||| 00||0 spa d
020 |a 978-84-1377-098-7 
035 |a 32835 
040 |a vLex 
090 |c 11102  |d 11102 
100 1 |a Montero Caro, Mara̕ Dolores 
245 1 0 |a Gobierno abierto como oportunidad de cambio  |h [Recurso electrn̤ico] /  |c Mara̕ Dolores Montero Caro 
256 |a Servicio en ln̕ea 
260 |a Madrid:  |b Dykinson,  |c 2020 
300 |a 1 recurso electrn̤ico 
500 |a La expansin̤ del coronavirus a nivel mundial a comienzos de este 2020 est ̀volviendo a poner sobre la mesa un debate que ya irrumpi ̤con fuerza, tambiň en Espaą, tras la crisis econm̤ica del aǫ 2008 y, sobre todo, con el fenm̤eno del 15-M surgido en 2011. Hablamos de la demanda de una mayor implicacin̤ ciudadana en los asuntos pb︢licos, as ̕como de la necesidad de implantar la transparencia como principio consustancial al concepto de democracia. Para alcanzar estos objetivos, la presente obra propone el modelo de Gobierno Abierto como una oportunidad de cambio, es decir, un nuevo modelo que permita superar la grave desafeccin̤ polt̕ica e institucional que vienen padeciendo las democracias avanzadas, y ms̀ concretamente nuestro pas̕, desde los comienzos de esta l︢tima dčada. A lo largo de estas pg̀inas se realiza un agudo diagns̤tico de la situacin̤ social y jurd̕ica actual en la que son frecuentes las protestas ciudadanas que manifiestan su rechazo a la presente forma de hacer polt̕ica, al mismo tiempo que intenta dar una posible solucin̤ a la misma valiňdose de las nuevas formas de relacionarse y comunicarse del siglo XXI, presentando as ̕el modelo de Gobierno Abierto como la forma ms̀ democrt̀ica y transparente de relacin̤ entre las instituciones y la ciudadana̕. 
506 1 |a Disponible solo en los productos indicados  |d vLex Global  |d vLex Global (Academic Edition, excluding Law Schools)  |d vLex Global (U.S. Academic Edition, Law Schools)  |d vLex Global (U.S. Academic Edition, excluding Law Schools)  |d vLex Global (Academic Edition, Law Schools) 
650 0 4 |a Derecho Constitucional  |z Espaą 
740 0 |a vLex Libros (Servicio en ln̕ea) 
856 4 0 |u http://vlex.com/source/gobierno-abierto-como-oportunidad-de-cambio-32835  |z Acceso restringido 
942 |c BOOK 
999 0 |a Constitutional right